Law of contract / (Record no. 67349)

MARC details
000 -LEADER
fixed length control field 00399nam a22001457a 4500
005 - DATE AND TIME OF LATEST TRANSACTION
control field 20120530142841.0
020 ## - INTERNATIONAL STANDARD BOOK NUMBER
International Standard Book Number 8171771173
Terms of availability 00
035 ## - SYSTEM CONTROL NUMBER
System control number B-59480
037 ## - SOURCE OF ACQUISITION
Stock number DPL
Source of stock number/acquisition ENG
100 ## - MAIN ENTRY--PERSONAL NAME
Personal name Ujjannavar, S.S.
245 ## - TITLE STATEMENT
Title Law of contract /
Statement of responsibility, etc by S.S. Ujjannavar
260 ## - PUBLICATION, DISTRIBUTION, ETC. (IMPRINT)
Place of publication, distribution, etc Calcutta
Name of publisher, distributor, etc Eastern Law House
Date of publication, distribution, etc 2000
300 ## - PHYSICAL DESCRIPTION
Extent 438p.
Dimensions 20 cms.
942 ## - ADDED ENTRY ELEMENTS (KOHA)
Source of classification or shelving scheme Dewey Decimal Classification
Item type English Books
Classification part 346.5402
Call number suffix UJJ

No items available.


© Delhi Public Library
Hit Counter
free hit counter